Reglamento de hospitales militares (Record no. 179640)

MARC details
000 -LEADER
campo de control de longitud fija 00542nam a2200157 i 4500
001 - NÚMERO DE CONTROL
campo de control 179640
003 - IDENTIFICADOR DE NÚMERO DE CONTROL
campo de control ES-MaACL
005 - FECHA Y HORA DE LA ÚLTIMA TRANSACCIÓN
campo de control 20230906220839.0
008 - DATOS DE LONGITUD FIJA--INFORMACIÓN GENERAL
campo de control de longitud fija 111228s1884 sp |||| | spa d
110 1# - ENTRADA PRINCIPAL--NOMBRE DE ENTIDAD CORPORATIVA
Nombre de entidad corporativa o nombre de jurisdicción como elemento de entrada España.
Unidad subordinada Ministerio de la Guerra.
9 (RLIN) 3906
245 10 - MENCIÓN DEL TÍTULO
Título Reglamento de hospitales militares
Resto del título : aprobado por Real Orden de 18 de agosto de 1884.
260 ## - PUBLICACIÓN, DISTRIBUCIÓN, ETC.
Lugar de publicación, distribución, etc. Madrid :
Nombre del editor, distribuidor, etc. [s.n.],
Fecha de publicación, distribución, etc. 1884 (
Fabricante Imp. y lit. del Depósito de la Guerra)
300 ## - DESCRIPCIÓN FÍSICA
Extensión 76 p. ;
Dimensiones 22 cm.
650 #4 - PUNTO DE ACCESO ADICIONAL DE MATERIA--TÉRMINO DE MATERIA
Término de materia o nombre geográfico como elemento de entrada Hospitales militares.
9 (RLIN) 136244
852 ## - LOCALIZACIÓN
Ubicación ES-MaACL
Número de control de estantería T-561-F-11
Holdings
Estatus retirado Estado de pérdida Estado de daño No para préstamo Colección Biblioteca de origen Biblioteca actual Ubicación en estantería Fecha de adquisición Fuente de adquisición Total de préstamos Signatura topográfica completa Código de barras Visto por última vez Precio de reemplazo Tipo de ítem Koha
        Colección de folletos Biblioteca del Ateneo de Madrid Biblioteca del Ateneo de Madrid Depósito folletos 28/12/2011     T-561-F-11 1188719 23/02/2023 23/02/2023 Folleto